|
|
|
|
| LEADER |
00000nab a2200000 a 4500 |
| 001 |
vtls000926388 |
| 003 |
SK-MaSNL |
| 005 |
20260305024626.0 |
| 008 |
040720e19960319xo 0 slo |
| 035 |
|
|
|a KE35265
|
| 040 |
|
|
|a KEVKJB
|b slo
|c KEVKJB
|e AACR2
|
| 041 |
0 |
|
|a slo
|
| 044 |
|
|
|a xo
|c SK
|
| 080 |
|
|
|a 159.924
|2 1981
|
| 100 |
1 |
|
|a Lispuchová, Silvia,
|d 1956-
|4 aut
|9 65673
|
| 245 |
1 |
0 |
|a Nenúťme nadané deti stať sa priemernými
|
| 610 |
2 |
7 |
|a Výskumný ústav detskej psychol. a patopsych., Košice
|2 KEVKJB
|9 1603475
|
| 650 |
0 |
7 |
|a genialita
|2 KEVKJB
|9 28439
|
| 650 |
0 |
7 |
|a rozhovory
|2 KEVKJB
|9 453585
|
| 651 |
|
7 |
|a Košice (Slovensko)
|2 KEVKJB
|9 18694
|
| 651 |
|
7 |
|a KE,
|2 KEVKJB
|9 877256
|
| 655 |
|
7 |
|a periodikum
|2 snkbucl
|9 29553
|
| 710 |
2 |
|
|a Výskumný ústav detskej psychológie a patopsychológie (Bratislava, Slovensko)
|4 aut
|9 33842
|
| 773 |
0 |
8 |
|t Nový Čas
|g Roč. 6, č.66, 19.3.1996, s. 12-13
|
| 852 |
|
|
|a ZVYKNI
|b KIS3GCP
|
| 999 |
|
|
|c 3303863
|d 3305793
|